Memoria Beta PUCV 2006-2008

Saved in:
Bibliographic Details
Corporate Author: Pontificia Universidad Católica de Valparaíso (Author)
Format: Book
Language:Spanish
Published: Valparaíso Pontificia Universidad Católica de Valparaíso 2008
Subjects:
Tags: Add Tag
No Tags, Be the first to tag this record!

MARC

LEADER 00000nam a2200000 a 4500
001 UCH1767
003 CL-VaPUC
008 090514e20080000CL |||||||||||||||||spa|d
082 0 4 |a 306.432  |b PON  |2 21 
110 2 |a Pontificia Universidad Católica de Valparaíso  |e author  |9 536309 
245 1 0 |a Memoria Beta PUCV 2006-2008 
300 |a 96 p 
942 |c BK 
945 |d 20090514 00:00:00  |a rbrito 
260 |a Valparaíso  |b Pontificia Universidad Católica de Valparaíso  |c 2008 
650 0 |a Educación superior   |9 223851 
650 0 |a Calidad de la educación   |9 307271 
650 0 |a Investigación educacional   |9 261192 
650 0 |a Calidad de la educación   |9 307271 
583 |a last modification  |c 20090514 00:00:00  |k Rodrigo Vera 
999 |c 333681  |d 333679 
952 |0 0  |1 0  |4 0  |6 306_432000000000000_PON_2008  |7 0  |8 X  |9 422247  |a FDOBUD  |b FDOBUD  |d 2019-11-22  |i 4547500  |o 306.432 PON 2008  |p 4547500  |r 2019-11-22  |w 2019-11-22  |y BK_X  |k FHP 
952 |0 0  |1 0  |4 0  |6 306_432000000000000_PON_2008  |7 0  |8 P  |9 422248  |a BIBEDU  |b BIBEDU  |c BIBEDU_PB  |d 2019-11-22  |i 4564022  |o 306.432 PON 2008  |p 4564022  |r 2024-01-25  |w 2019-11-22  |y BK  |k BME